Top 10 des fast‑foods préférés des Français - Statistiques

Statistiques générales
  • Ce quiz a été pris 403 fois
  • Le résultat moyen est 6 sur 10
Statistiques - réponses
Réponse % Correct
Burger King
97%
KFC
90%
McDonald's
88%
Quick
81%
O'Tacos
68%
Subway
47%
Pizza Hut
39%
Five Guys
32%
Big Fernand
7%
Sushi Shop
6%
Aucun quiz correspondant
Distribution des résultats
% des personnes avec chaque résultat
Percentile par nombre de réponses
Votre historique - résultats
Vous n’avez pas pris ce quiz